Sports Quiz

Random Sports or Olympics Quiz

Original Winter Olympic Events Quiz Stats

 Plays Quiz Updated Feb 8, 2018

Support Sporcle.
Go Orange.
Score 0/9 Timer 02:00
0 Plays Today
% Correct
Cross-Country Skiing
84.9%
Figure Skating
76%
Bobsleigh
72.5%
Ice Hockey
67.1%
Ski Jumping
65.1%
Speed Skating
60%
Nordic Combined
56.7%
Curling
55%
Military Patrol
49.4%

You're not logged in!

Compare scores with friends on all Sporcle quizzes.
OR
Log In

From the Vault

NBA Award and Title in Same Year

by MechaSnoopy

Because one trophy per year just isn't enough.
Remove Ads.
Support Sporcle.
Get the best of Sporcle when you Go Orange. This ad-free experience offers more features, more stats, and more fun while also helping to support Sporcle. Thank you for becoming a member.

Show Comments

Extras

Top Quizzes Today


Score Distribution

Your Account Isn't Verified!

In order to create a playlist on Sporcle, you need to verify the email address you used during registration. Go to your Sporcle Settings to finish the process.

Report this User

Report this user for behavior that violates our Community Guidelines.

Details: